[Event "Bled ol (Men)"]
[Site "Bled"]
[Date "2002.10.27"]
[Round "2.1"]
[White "Dao, Thien Hai"]
[Black "Polgar, Judit"]
[Result "1/2-1/2"]
[WhiteElo "2547"]
[BlackElo "2685"]
[PlyCount "58"]
[EventDate "2002.10.26"]
[EventType "team-swiss"]
[EventRounds "14"]
[EventCountry "SLO"]
[Source "ChessBase"]
[SourceDate "2002.11.25"]
[WhiteTeam "Vietnam"]
[BlackTeam "Hungary"]
[WhiteTeamCountry "VIE"]
[BlackTeamCountry "HUN"]

1. d4 Nf6 2. c4 e6 3. Nc3 Bb4 4. e3 O-O 5. Bd3 d5 6. Nge2 c5 7. O-O cxd4 8.
exd4 dxc4 9. Bxc4 Nbd7 10. a3 Bd6 11. Ba2 a6 12. Bf4 Nb6 13. Qd2 Bxf4 14. Nxf4
Qd6 15. Rad1 Bd7 16. Rfe1 Rfe8 17. Qe3 Nbd5 18. Nfxd5 exd5 19. Qd3 g6 20. f3
Kg7 21. Qd2 h5 22. Re5 Rxe5 23. dxe5 Qxe5 24. Nxd5 Bc6 25. Nxf6 Qxf6 26. Qd4
Re8 27. Qxf6+ Kxf6 28. Kf2 Re5 29. h4 Rc5 1/2-1/2

[Event "Benidorm Bali"]
[Site "Benidorm"]
[Date "2002.11.29"]
[Round "1"]
[White "Polgar, Judit"]
[Black "Kurajica, Bojan"]
[Result "0-1"]
[WhiteElo "2685"]
[BlackElo "2548"]
[Annotator "Mueller,Karsten"]
[PlyCount "110"]
[EventDate "2002.11.29"]
[EventType "tourn (rapid)"]
[EventRounds "11"]
[EventCountry "ESP"]
[EventCategory "13"]
[Source "ChessBase"]
[SourceDate "2003.04.01"]

1. e4 d5 2. exd5 Qxd5 3. Nc3 Qd6 4. d4 Nf6 5. Nf3 a6 6. Ne5 Nc6 7. Nxc6 Qxc6 8.
Bf4 Be6 $5 $11 {mit der Idee, die Entwicklung mit g6, Lg7 und 0-0-0 oder 0-0
zu vollenden. Dies ist möglicherweise eine interessante Alternative zur
Hauptvariante 8...Lg4 9.f3 Le6, die das Motiv Dxg2 aus der Stellung nimmt 
(dafür f3 provoziert).} (8... Bg4 9. f3 Be6 10. Qd2 (10. Bd3 $6 g6 11. Qe2 Bg7
12. O-O-O O-O 13. Kb1 Nd5 $15 {0-1 Zelic,M-Horvath,C/Split 2000/EXT 2001 (37)})
10... O-O-O 11. O-O-O (11. Be5 Bc4 12. Bd3 e6 13. Ne2 Bd6 14. Bxf6 gxf6 15. O-O
Rhg8 $132 {1/2-1/2 Ponomariov,R-Hauchard,A/Belfort 1998/CBM 69 (54)}) 11... Bc4
12. Bxc4 Qxc4 13. Qd3 Qxd3 14. Rxd3 e6 {1/2-1/2 Inkiov,V-Utasi,T/Jurmala 1985/
MCD (14).}) (8... Bf5 9. d5 (9. Be2 O-O-O 10. O-O e6 11. Bf3 Qb6 12. Be5 Bd6
13. Na4 Qa5 14. Bxd6 cxd6 15. c4 Kb8 16. a3 Be4 $11 {1/2-1/2 Drabke,L-Zaitsev,
V/Bratto 1999/EXT 2000 (41)}) 9... Qb6 10. Qd2 e6 $5 $132 {(Melts in
Scandinavian Defense, The Dynamic 3...Qd6)}) 9. Qd3 $6 (9. Be2 {ist kritisch,
z.B.} O-O-O (9... Qxg2 10. Bf3 Qh3 11. Bxb7 Rb8 12. Bxa6 Nd5 $13) 10. O-O Bc4
$13) 9... O-O-O 10. O-O-O g6 11. Be2 Bg7 (11... Qxg2 $5) 12. Be5 $6 (12. Bf3
Nd5 13. Bg5 $11) 12... Rhe8 ({Was sprach gegen} 12... Qxg2 {?}) 13. Bf3 Bh6+
14. Kb1 Qc4 15. Qxc4 Bxc4 16. d5 Nd7 17. Bg3 Bg7 18. Ne4 Nf6 19. Nxf6 Bxf6 20.
b3 (20. a4 e6 $11) 20... Bb5 21. Rhe1 Bd7 22. c4 e6 23. d6 e5 $1 24. dxc7 Bf5+
25. Kc1 Rxd1+ 26. Rxd1 Kxc7 27. Bd5 Bg5+ 28. Kb2 f6 29. f3 Be3 30. b4 g5 31.
Be1 Bd4+ 32. Bc3 Bxc3+ 33. Kxc3 e4 34. Re1 $2 (34. g4 Bg6 35. fxe4 Bxe4 36. Rf1
Bxd5 37. cxd5 Re2 $11) 34... exf3 $1 35. Rf1 (35. Rxe8 $2 f2 $19) 35... Re3+
36. Kd2 Re2+ 37. Kc3 fxg2 38. Bxg2 Bg6 39. Bd5 f5 40. a4 f4 41. a5 Be4 42. Kd4
Bxd5 43. Kxd5 Rxh2 44. b5 axb5 45. cxb5 Ra2 46. Rc1+ Kb8 47. Kc5 Re2 (47...
Rxa5 $6 48. Kb6 Ra3 49. Rc7 {gibt Weiß unnötiges Gegenspiel, denn} Ra7 $4 {
verliert sogar:} 50. Rxh7 $18) 48. Rd1 Re5+ 49. Kb6 Re6+ 50. Kc5 Rf6 {hier
steht der Turm ideal.} 51. Rd8+ Kc7 52. Rh8 Rf5+ 53. Kb4 Rf7 54. Kc5 b6+ 55.
axb6+ Kb7 0-1

[Event "Benidorm Bali"]
[Site "Benidorm"]
[Date "2002.11.29"]
[Round "2"]
[White "San Segundo Carrillo, Pablo"]
[Black "Polgar, Judit"]
[Result "0-1"]
[WhiteElo "2523"]
[BlackElo "2685"]
[Annotator "Tsesarsky"]
[PlyCount "58"]
[EventDate "2002.11.29"]
[EventType "tourn (rapid)"]
[EventRounds "11"]
[EventCountry "ESP"]
[EventCategory "13"]
[Source "ChessBase"]
[SourceDate "2003.04.01"]

1. d4 Nf6 2. c4 g6 3. Nc3 Bg7 4. e4 d6 5. Nf3 O-O 6. Be2 e5 7. Be3 Ng4 8. Bg5
f6 9. Bh4 g5 10. Bg3 Nh6 11. h3 Nc6 12. dxe5 fxe5 $6 $14 ({Good reputation has
another recapture:} 12... dxe5 13. O-O (13. Qd5+ Kh8 14. Qxd8 Nxd8 15. O-O c6
16. Rfd1 Ne6 17. Bf1 Re8 18. Nd2 Nd4 19. Nb3 Nf7 20. Rac1 Nxb3 21. axb3 Bf8 22.
f3 Bc5+ 23. Bf2 Bxf2+ 24. Kxf2 Be6 $11 {1/2-1/2 Nogueiras,J-Pecorelli Garcia,H/
Santa Clara 1996/EXT 99 (42)}) (13. Qxd8 Nxd8 14. Nd5 Rf7 15. O-O-O Nc6 16. h4
g4 17. Ng5 fxg5 18. hxg5 Nf5 19. exf5 Bxf5 20. Rh4 Nd4 21. Bxg4 Bxg4 22. Rxg4
Ne2+ 23. Kc2 Nxg3 $132 {1-0 Timoscenko,G-Nedev,T/Bled 2002/EXT 2003 (51)})
13... Be6 (13... Qe8 $6 14. Nd5 Qf7 15. b4 Rd8 16. b5 Nb4 17. Qb3 Nxd5 18. cxd5
Bf8 19. Rac1 Bd6 20. Qe3 Qg7 21. Rc3 b6 22. a4 $16 {1-0 Tisdall,J-Gurcan,S/
Moscow 1994/CBM 44 ext (41)}) 14. Qc1 {-see commented game  0-1 Yermolinsky,
A-Fedorowicz,J/Los Angeles 1991/CBM 25[Ftacnik,L] (40)}) 13. Qd2 ({Played
before this game} 13. c5 $1 {Brought an advantage to White:} dxc5 (13... Nf7 $5
14. cxd6 Qxd6 15. Qxd6 Nxd6 (15... cxd6 16. Nd5 $14) 16. Nxg5 Nd4 17. Rc1 $16)
14. Qxd8 Rxd8 15. Bc4+ Kh8 16. Nxg5 $16 {1-0 Solozhenkin,E-Aleksandrov,L/
Leningrad 1990/CBM 18 ext (29)}) 13... Nf7 14. Nh2 Nd4 15. Bg4 Nh8 16. Nf1 $6
$132 {Too passive.} ({Strong was} 16. Nb5 $1 Ne6 17. Nf3 Nf4 18. Bxf4 gxf4 19.
c5 $14 {1-0 Ehlvest,J-Van Wely,L/Reykjavik 1994/CBM 39 ext (45)}) (16. Ne2 Ng6
17. Nxd4 exd4 18. Nf3 Nf4 19. Bxc8 Rxc8 20. Nxd4 Nxg2+ (20... Qf6 21. Nf5 Rce8
22. O-O Rxe4 $11 {1/2-1/2 Mozetic,D-Vukic,M/Novi Sad 1995/CBM 49 (24)}) 21. Kf1
Qe7 $17) 16... Ng6 17. Ne3 Nf4 18. f3 c6 19. Bxc8 (19. h4 $6 Bxg4 20. Nxg4 Nfe6
$15) 19... Rxc8 20. h4 b5 $1 21. cxb5 cxb5 22. Bxf4 $6 $15 {White decided to
get rid of strong Nf4, however better was to continue to suffer...} (22. Nc2 {
[%cal Gc2d4]} Nxc2+ 23. Qxc2 g4 24. Qd2 gxf3 (24... Qa5 25. Bxf4 exf4 26. Nd5
Qxd2+ 27. Kxd2 $14) 25. gxf3 Nh5 26. Bf2 Rxf3 27. Qe2 Qf8 28. Rd1 $132) 22...
exf4 {[%cal Gg7c3] White king sticks in the centre. Castle will be too
dangerous...} (22... gxf4 $6 23. Nc2 $132) 23. Ned5 a5 (23... g4 $15) 24. Rc1
g4 25. fxg4 $4 $19 {Allows Black to open f-line and develop dangerous Attack
against white K.} ({The only possibility of resistance was} 25. Qd3 Rc5 $15 {
[%csl Re1]}) 25... f3 {[%csl Re1]} 26. Kd1 ({Loses other continuations:} 26. g3
b4 $1 (26... f2+ 27. Kf1 b4 28. Ne2 Rxc1+ 29. Qxc1 Nxe2 30. Kxe2 Qd7 31. Nf4
Qxg4+ 32. Kxf2 Be5 (32... Qe6 {[%csl Ra2,Re4]} 33. Re1 Qxa2 34. Re2 $15) 33.
Qd1 $8 Qg7 34. Qd2 Bxb2 35. Kg2 Be5 $15) 27. Nd1 f2+ 28. Kf1 Qe8 {[%csl Re4,
Rf1][%cal Ge8b5,Gb5f1,Ge8e4]} 29. Nf4 Qxe4 30. Nxf2 Qf3 {[%csl Rg3]} 31. Rh3 b3
32. Rxc8 Rxc8 33. axb3 Rc2 34. Qe1 Rxb2 $19 {[%csl Rf1,Rh3]}) (26. Kf2 $4 $19
b4 27. Nd1 Qe8 28. Re1 fxg2+ 29. Kxg2 Rxc1 30. Qxc1 Qf7 $19) 26... b4 27. Na4
Rxc1+ 28. Kxc1 Ne2+ 29. Kb1 fxg2 0-1

[Event "Benidorm Bali"]
[Site "Benidorm"]
[Date "2002.11.30"]
[Round "6"]
[White "Karpov, Anatoly"]
[Black "Polgar, Judit"]
[Result "0-1"]
[WhiteElo "2688"]
[BlackElo "2685"]
[Annotator "Hecht"]
[PlyCount "146"]
[EventDate "2002.11.29"]
[EventType "tourn (rapid)"]
[EventRounds "11"]
[EventCountry "ESP"]
[EventCategory "13"]
[Source "ChessBase"]
[SourceDate "2003.04.01"]

1. Nf3 Nf6 2. c4 e6 3. Nc3 c5 4. e3 Nc6 5. d4 d5 6. cxd5 exd5 7. Bb5 Bd6 8. O-O
O-O 9. dxc5 Bxc5 10. h3 Bf5 11. b3 Qd7 12. Ne2 a6 13. Bxc6 bxc6 14. Ng3 Ne4 15.
Nxf5 Qxf5 16. Bb2 Bd6 17. Qd4 f6 18. Rac1 Qd7 19. Qa4 Nc5 20. Qd4 Ne4 21. Rc2
Rac8 22. Rfc1 Rc7 23. Qa4 Rfc8 24. Nd4 c5 25. Qxd7 Rxd7 26. f3 Ng3 27. Ba3 Rdc7
28. Ne6 Re7 29. Nxc5 d4 30. e4 d3 31. Nxd3 Rxc2 32. Rxc2 Bxa3 33. Kf2 Nh1+ 34.
Ke3 Ng3 35. Rc6 Nf5+ 36. Kd2 Nd4 37. Rxa6 Nb5 38. Ra5 Rb7 39. b4 h5 40. g4 h4
41. Ke2 Nd4+ 42. Ke3 Nc2+ 43. Kf4 Bxb4 44. Nxb4 Nxb4 45. g5 Nd3+ 46. Kf5 fxg5
47. Kxg5 Rf7 48. Rf5 Ra7 49. Kxh4 Rxa2 50. Kg3 Nc1 51. h4 Ne2+ 52. Kg4 Ra1 53.
Rg5 Rg1+ 54. Kh3 Nf4+ 55. Kh2 Rxg5 56. hxg5 Ne6 57. Kg3 Nxg5 {Schwierige
Technik. Weiß hält seine Bauern auf der 4.Reihe und hält so die schwarzen
Steine fern. Judit Polgar operiert richtigerweise vor ihrem Bauern, der sich
bis zum Partieschluss nicht bewegt.} 58. Kg4 Ne6 59. f4 Nc5 60. Kf3 ({In Frage
kam} 60. Kf5 {(Operieren vor den Bauern!)} Kf7 61. e5 {um möglichst dicht am
Bg7 zu bleiben, die Beweglichkeit des schwarzen Königs einzuschränken, sowie
nach Möglichkeit den f-Bauern nach f5 zu schieben.}) 60... Kf7 61. Ke3 Kf6 62.
Kd4 Ne6+ 63. Ke3 Nf8 64. Kf3 Nd7 65. Ke3 Kg6 {Die Angriffsidee lautet Umgehung
des weißen Bauernpärchens.} 66. Kf3 Nf6 67. Ke3 Ng4+ 68. Kf3 Kh5 69. Kg3 Nf6
70. Kf3 Ng8 71. Kg3 Ne7 72. Kh3 Nc6 73. Kg3 Nd4 $22 {denn Kh3 wird mit Se2
beantwortet und die anderen möglichen Züge führen entweder zur Blockade oder
wie etwa} (73... Nd4 74. Kf2 Kg4 75. Ke3 Nc2+ 76. Kd2 Kxf4 77. Kxc2 Kxe4 {zu
einem verlorenen Bauernendspiel.}) 0-1

[Event "Benidorm Bali"]
[Site "Benidorm"]
[Date "2002.12.01"]
[Round "9"]
[White "Vera Gonzalez Quevedo, Reynaldo"]
[Black "Polgar, Judit"]
[Result "1-0"]
[WhiteElo "2544"]
[BlackElo "2685"]
[Annotator "Tsesarsky"]
[PlyCount "57"]
[EventDate "2002.11.29"]
[EventType "tourn (rapid)"]
[EventRounds "11"]
[EventCountry "ESP"]
[EventCategory "13"]
[Source "ChessBase"]
[SourceDate "2003.04.01"]

1. d4 Nf6 2. c4 g6 3. Nc3 Bg7 4. e4 d6 5. Nf3 O-O 6. Be2 e5 7. O-O Nc6 8. d5
Ne7 9. Ne1 b6 $6 $14 {Strange and bad novelty.} ({Main theoretical lines are:} 
9... a5) (9... c5) (9... Ne8) (9... c6) 10. Nd3 {[%cal Gf2f4] Best reaction on
Black's poor play.} Ne8 $6 $16 ({Why not} 10... Nd7 $14 {preventing f2-f4.})
11. f4 $1 {This position should be compared with theoretical one which easily
might be ctreated after 9...Ne8 10.Nd3 f5 11. f4. Nobody will consider to play
here 11...b7-b6? In the game b7-b6 useless move was done instead of useful
f7-f5. Of course, White caught an advantage...} f5 12. Kh1 ({Possibly} 12. fxe5
dxe5 13. b4 Nd6 14. Nf2 $16) 12... Kh8 13. fxe5 dxe5 14. b4 Nd6 15. Nf2 fxe4 (
15... c5 16. bxc5 bxc5 17. Be3 $16 {[%csl Rc5][%cal Ge3c5,Gc3a4]}) 16. c5 $1 {
White centre became powerful.} (16. Nfxe4 Bf5 17. Bd3 $16 {[%csl Re5,Rg7]})
16... Ndf5 17. Nfxe4 a5 $2 $18 {The idea of this move is to destroy White's
central PP chain. It's refutation isn't difficult, but obvious:} ({Perhaps,
better was} 17... Nd4 18. Rxf8+ Qxf8 19. Bc4 Bf5 20. Qd3 $14) 18. d6 $1 {Of
course...} cxd6 19. cxd6 Nc6 20. Bg5 {White's initiative is developed from
itself without any serious resistance...} Qe8 21. Nd5 {[%cal Gd5c7,Gd5b6]} Ncd4
({Or} 21... Rb8 22. Ndf6 Qf7 23. g4 h6 24. gxf5 hxg5 25. Nh7 Bxf5 26. Nexg5 {
[%cal Gh7f8]} Qb7 27. Nxf8 $18) 22. Nc7 Qc6 23. Bd3 ({Not} 23. Nxa8 $2 Qxe4 24.
Bf3 Nxf3 25. Qxf3 Nxd6 26. Qxe4 Nxe4 27. Be7 Rxf1+ 28. Rxf1 Ba6 29. Rc1 Bh6 $13
) 23... Ra7 24. Rc1 ({Possibly also} 24. Be7 Ne3 25. Rxf8+ Bxf8 26. Qc1 Bxe7
27. dxe7 Bd7 28. Qxe3 Nf5 (28... Rxc7 29. Qh6 $18) 29. Qg5 Rxc7 30. Bb5 Qe6 31.
Bxd7 $18) 24... Qd7 25. Nd5 axb4 (25... Qe6 26. Nxb6 $18) 26. Be7 Nxe7 27. dxe7
Re8 28. Nxb6 Qe6 29. Nxc8 {Rapid games quality is always worse than normal
ones quality. But J. Polgar plays rapid games usually very strong! not that
time...} 1-0

[Event "Benidorm Bali"]
[Site "Benidorm"]
[Date "2002.12.01"]
[Round "11"]
[White "Psakhis, Lev"]
[Black "Polgar, Judit"]
[Result "0-1"]
[WhiteElo "2588"]
[BlackElo "2685"]
[Annotator "Ftacnik,L"]
[PlyCount "106"]
[EventDate "2002.11.29"]
[EventType "tourn (rapid)"]
[EventRounds "11"]
[EventCountry "ESP"]
[EventCategory "13"]
[Source "ChessBase"]
[SourceDate "2003.04.01"]

1. c4 Nf6 2. Nc3 c5 3. g3 Nc6 4. Bg2 e6 5. Nf3 d5 6. cxd5 exd5 7. d4 Bg4 8. Ne5
cxd4 9. Nxc6 bxc6 10. Qxd4 Be7 11. Bg5 Be6 12. O-O O-O 13. Qd3 (13. Rfd1 Re8
14. b4 Qb6 $11) 13... h6 14. Bf4 Qb6 15. Na4 {Psakhis plays with the hope of
getting control of the c5 square.} (15. b3 Rfe8 16. Rac1 Qa5 $13) 15... Qa5 16.
b3 c5 17. Rac1 (17. Bd2 Qd8 18. Rac1 c4 19. bxc4 dxc4 20. Qc2 Rc8 21. Rfd1 $11)
17... c4 18. Qd4 Rac8 19. Be5 Rfd8 20. Rfd1 (20. e3 Bf5 21. Nc3 Bd3 22. Rfd1
$11) 20... Qa6 21. Bf3 (21. e3 Ng4 22. Bxg7 f6 23. f3 Nxe3 24. Qxe3 Kxg7 25.
Bh3 Rc6 26. Bxe6 Rxe6 27. Qf4 $11) 21... Bf5 22. Qb2 (22. e3 Be4 $15) 22... Bd7
$1 23. Bxf6 (23. Nc3 $2 Ba3 $17) 23... Bxf6 24. Qa3 d4 {White is clearly
fighting the dangeorus position as black central pawn seem pretty strong.} 25.
Qb4 (25. Kg2 Rc7 26. Kg1 Rb8 $19) 25... Bxa4 26. Qxa4 (26. bxa4 Qe6 27. a5 Rc7
$17) 26... Qxa4 27. bxa4 d3 (27... Rc7 28. Rc2 Kf8 29. Rdc1 c3 30. Rb1 Ke7 $17)
28. exd3 c3 29. d4 $6 (29. Be4 Bd4 30. Rc2 g6 $15) 29... Bxd4 30. Kf1 (30. Rc2
Kf8 $17) 30... Rb8 31. Be2 Kf8 32. Rc2 Ke7 33. Bc4 Rb2 34. Bb3 Be5 35. Rxd8 (
35. Re2 Rxd1+ 36. Bxd1 Kd6 $19) 35... Kxd8 36. Rxb2 (36. f4 Bf6 37. Ke2 Ke7 38.
Kd3 g6 39. h3 $17) 36... cxb2 {The defender must have hoped for qood survival
chances with bishops on different colour of squares, but the need to protect
b1 square is tying his hands.} 37. Bc2 h5 38. h3 g5 39. g4 $2 (39. Ke2 $5 Ke7
40. Kd3 f5 (40... Kd6 41. Ke4 g4 42. hxg4 hxg4 43. Kf5 Bd4 44. Kxg4 Bxf2 45.
Kf3 $15) 41. Bb1 Ke6 42. a5 Bc7 43. Kc2 g4 44. hxg4 hxg4 45. Kxb2 Bxa5 46. Kc2
Be1 47. f3 gxf3 48. Kd3 Bxg3 49. Ke3 f2 50. Ke2 $15) 39... h4 $1 40. Ke2 Kc7
41. Kd3 Kd6 42. Ke4 f6 43. Bb1 Kc5 44. Kd3 Bd4 (44... f5 45. f3 (45. gxf5 g4
46. Ke2 gxh3 47. Kf1 Kb4 $19) 45... fxg4 46. fxg4 Kb4 47. Bc2 Ka3 48. Bb1 a5
49. Kc2 Kxa4 50. Kd3 $11) 45. f3 Kd5 46. a5 Ke5 $1 {Polgar is targetting h3
pawn and it can not be defended.} 47. a6 Bb6 48. Kc2 (48. Bc2 Kf4 49. Ke2 Kg3
$19) 48... Kf4 49. Kxb2 Kg3 50. Bf5 Kxh3 51. f4 (51. Kc2 Kg3 52. Be4 h3 53. f4
gxf4 $19) 51... Kg2 52. fxg5 fxg5 53. Be4+ Kg1 0-1

[Event "Budapest Hunguest Hotels"]
[Site "Budapest"]
[Date "2003.04.17"]
[Round "6"]
[White "Movsesian, Sergei"]
[Black "Polgar, Judit"]
[Result "1/2-1/2"]
[WhiteElo "2659"]
[BlackElo "2715"]
[Annotator "Movsesian"]
[PlyCount "85"]
[EventDate "2003.04.11"]
[EventType "tourn"]
[EventRounds "9"]
[EventCountry "HUN"]
[EventCategory "17"]
[Source "ChessBase"]
[SourceDate "2003.07.25"]

1. e4 {Ribli} c5 2. Nf3 e6 3. d4 cxd4 4. Nxd4 Nc6 5. Nc3 Qc7 6. Be3 a6 7. Qd2
Nf6 8. O-O-O Bb4 9. f3 {Ribli: 'Übrigens spielt Judit Polgar - wie Movsesian
auch - diese Variante mit beiden Farben.'} Ne5 10. Nb3 d5 {Ribli: 'Dieser Zug
wird selten gespielt. Die Hauptvariante ist 10...b5.'} 11. Bd4 O-O 12. Kb1 $5 {
Ribli: 'Früher spielte Weiß 12.a3. Der Partiezug scheint mir noch stärker.'} ({
All the moves before were already played several times. White here always
opted for} 12. a3 {e.g} Bd6 13. exd5 exd5 14. Qf2 b5 15. Bxb5 axb5 16. Nxb5 Qb8
17. Nxd6 Qxd6 18. Bc5 Qd8 19. Bxf8 Qxf8 $13 {Vallejo Pons-Kasimdzanov,
Pamplona 2002}) 12... dxe4 13. Qf4 Bd6 14. Nxe4 Nxe4 15. Qxe4 Nc6 {Black has
first to retreat the knight to develop the c8 bishop.} (15... Bd7 $2 16. Bxe5
Bxe5 17. Rxd7 Qxd7 18. Bd3 $1 $18) 16. Bc3 Bd7 17. g4 $1 {A good move. White
is fighting against the f7-f5 idea, trying to get strong attack.} Rfe8 18. Bd3
g6 19. Rhe1 $5 {Not an easy move to make. White rook on h1 looks more
promising, due to opening of the "h" file in future, but it was more important
to avoid Bd6-e5 at this moment.   Ribli: 'Mit diesem Zug verhindert Weiß die
Möglichkeit 19...Be5.'} e5 {Black is lacking space, so this is a try to get
black's pieces to work.} 20. h4 Ne7 21. Bc4 (21. Bxe5 {will just help black}
Nc6 22. Bxd6 Qxd6 23. Qc4 Rxe1 24. Rxe1 Qg3 $1 {with sufficient compensation})
21... Bc6 ({Of cource not} 21... b5 $2 22. Bxf7+ Kxf7 23. Qd3) 22. Qd3 $5 {
Provoking the rook to come to d8, where can be later attacked by a bishop from
a5} Rad8 23. Qe3 Nc8 {'!' Ribli.  Ribli: 'Ein guter Verteidigungszug - Schwarz
verteidigt sich gegen 24.Ba5 und bereitet das Springermanöver Nb6-Na4 vor.'}
24. h5 Nb6 25. Na5 (25. Bxf7+ Qxf7 26. Qxb6 Bc7 $1 {and black is OK again here.
}) 25... Na4 26. Bd2 Bc5 27. Qe2 Bd5 28. hxg6 hxg6 29. Bxd5 $6 {First step to
the wrong direction.} (29. Qh2 $1 {was a winning continuation} Bxf3 30. Rh1
Bxh1 31. Rxh1 Kf8 32. Bg5) 29... Rxd5 30. Rh1 $2 {Gives up the whole advantage.
I just underestimated black's only reply, thinking that the position is
winning anyway.} (30. Qh2 Qb6 31. Nb3 Qf6 32. Nxc5 {was still keeping a big
advantage for white.}) {Ribli: [#]} 30... e4 {'<=>!' Ribli.  Ribli: 'Mit
diesem starken Zug kann Schwarz  nach Qh2 die Damen tauschen.'} ({Not} 30...
Qb6 $2 31. Nb3 Qf6 32. Qe4 $1 {and white is winning}) 31. fxe4 (31. f4 {Ribli}
e3 32. Qh2 Kf8 $13) (31. Nb3 {Ribli} Qe5 32. Bc1 exf3 33. Qxf3 Rxd1 34. Qxd1
Ba3 35. c3 $14) 31... Ba3 $3 {'!?' Ribli.} (31... Bd4 $1 {Ribli} 32. Qd3 Nxb2
33. Qh3 Nxd1 34. exd5 Nc3+ 35. Bxc3 Bxc3 $36) 32. Qh2 (32. bxa3 Qe5 33. Nc4
Rb5+ 34. Bb4 Nc3+ 35. Ka1 Qg7 $1 {and black has very unpleasant threats}) 32...
Qxh2 33. Rxh2 Rb5 34. b3 Rd8 35. c4 Rxa5 36. bxa4 Bb4 37. Kc2 Bxd2 38. Rdxd2
Rxd2+ 39. Rxd2 Rxa4 40. Kd3 Kf8 41. Rb2 b5 42. cxb5 axb5 43. Rxb5 1/2-1/2